01257nam a2200157Ia 4500008004100000020001500041050002000056245016700076260011300243300001900356490005500375500003600430505055100466650004401017700003801061120626s1996 mx 000 0 spa d a9687798017 aLA428bR44 1996 aReflexiones y propuestas sobre educación superior b: Seis ensayos c/ Uriel, Galicia Hernández: Ramón, Gallegos Nava: Alberto, de León de León: et. al. aMéxicob: Asociación Nacional de Universidades e Instituciones de Educación Superior (ANUIES) c, 1996 a177 páginas  aColección: Biblioteca de la educación superior aIncluye: Indice, Presentación aImplementación de una incubadora de empresas de base tecnológica en la universidad. Una aplicación práctica "Proyecto cuantum" un modelo universitario educativo para una sociedad sustentable Problemas en la formación docente en educación superior. Propuesta para el desarrollo de un procedimiento El papel de la educación superior en la transmisión de la desigualdad genérica La educación en el umbral del siglo XXI. Una perspectiva holística La globalización y regionalización de los servicios profesionales  0aEDUCACIÓN SUPERIORxENSAYOSzMÉXICO aGalicia Hernández, Urieleautor